[Event "ICS rated blitz match"]
[Site "207.99.5.190"]
[Date "1999.03.06"]
[Round "?"]
[White "blunite"]
[Black "Hossa"]
[Result "1-0"]
[WhiteElo "2217"]
[BlackElo "2414"]
[Annotator "Crafty v16.5"]
[PlyCount "85"]

{annotating for player Hossa using a scoring margin of +0.10 pawns. search
time limit is 20.00} 1. e4 1... c5 2. Nf3 Nc6 3. d4 cxd4 4. Nxd4 Qa5+ 5. Nc3
Nf6 6. Nb3 Qe5 7. f4 Qe6 ({9:-1.26} 7... Qe6 8. e5 a6 9. Be2 Ng8 10. Nc5 Qg6
11. O-O 11... Qf5 $16) ({9:-0.78} 7... Qd6 8. Bd3 e5 9. O-O Be7 10. Nb5 Qb8 11.
fxe5 Qxe5 12. Qe2 $16) 8. Qf3 Nb4 9. Bd3 Qb6 10. Be3 Nxd3+ 11. cxd3 Qa6 ({
10:-1.66} 11... Qa6 12. e5 Ng8 13. Nd5 Kd8 14. Bd2 e6 15. Ba5+ b6 16. Ne3 16...
Bb7 $18) ({10:-1.52} 11... Qd8 12. Rc1 e6 13. e5 Ng8 14. Nb5 Bb4+ 15. Kf2 Rb8
16. Nxa7 Qh4+ 17. Qg3 $18) 12. Rd1 d6 13. h3 Be6 ({9:-0.43} 13... Be6 14. Nd4
Qa5 15. O-O Bd7 16. e5 dxe5 17. Qxb7 17... Rc8 $14) ({9:-0.26} 13... Bd7 14.
Qf2 e5 15. O-O exf4 16. Qxf4 O-O-O 17. Bd4 Be7 18. Rc1 $10) 14. Nd4 Rc8 ({
9:-0.65} 14... Rc8 15. O-O Bd7 16. e5 Ng8 17. Qe4 dxe5 18. fxe5 Bc6 19. Nxc6
19... Qxc6 $14) ({9:-0.44} 14... Bd7 15. e5 Ng8 16. O-O Nh6 17. Qd5 e6 18. Qc4
Qxc4 19. dxc4 dxe5 20. fxe5 $14) 15. O-O b6 ({9:-1.03} 15... b6 16. e5 Nd7 17.
Nxe6 fxe6 18. Bd4 Qa5 19. Rde1 Kf7 20. Qh5+ 20... g6 $16) ({9:-0.69} 15... Bd7
16. e5 Ng8 17. Nc2 Bc6 18. Qf2 Ba4 19. Nb4 19... Qa5 $14) 16. Nxe6 fxe6 17. e5
Nd7 18. Qg4 Kf7 19. Bd4 Qa5 20. Rde1 Qb4 21. f5 Nxe5 22. fxe6+ Ke8 23. Bxe5
Qxg4 24. hxg4 dxe5 25. Rxe5 Rc6 26. d4 a5 27. d5 Rc4 28. g5 b5 29. Nxb5 Rc2 30.
Rf2 Rc1+ 31. Kh2 g6 32. Rf7 Rc5 33. a4 Rc8 34. Re2 Rc4 35. b3 Rh4+ 36. Kg3 Rb4
37. Re3 h5 38. Rc3 Rxb3 39. Rxb3 h4+ 40. Kg4 Kd8 41. Rc3 Bg7 42. Rxg7 Ke8 43.
Rc8# 1-0

[Event "ICS rated blitz match"]
[Site "207.99.5.190"]
[Date "1999.03.06"]
[Round "?"]
[White "blunite"]
[Black "Hossa"]
[Result "0-1"]
[WhiteElo "2229"]
[BlackElo "2390"]
[PlyCount "34"]

1. e4 c5 2. Nf3 Nf6 3. d4 Nxe4 4. Bd3 d5 5. c4 cxd4 6. cxd5 Qxd5 7. O-O Nc6 8.
Nbd2 Nxd2 9. Bxd2 Bg4 10. Re1 Bxf3 11. gxf3 Rc8 12. Rc1 Qxa2 13. Qc2 Qd5 14.
Be4 Qb5 15. Bd3 Qb6 16. Bxh7 g6 17. Bxg6 17... Rg8 {blunite resigns} 0-1

[Event "ICS rated blitz match"]
[Site "207.99.5.190"]
[Date "1999.03.06"]
[Round "?"]
[White "Hossa"]
[Black "blunite"]
[Result "0-1"]
[WhiteElo "2399"]
[BlackElo "2220"]
[Annotator "Crafty v16.5"]
[PlyCount "56"]

{annotating for player Hossa using a scoring margin of +0.10 pawns. search
time limit is 20.00} 1. e4 1... e5 2. Nf3 Nc6 3. Bc4 Bc5 4. c3 ({9:-0.33} 4. c3
4... Nf6 5. d3 O-O 6. O-O d5 7. exd5 Nxd5 8. Bg5 8... Qd6 $15) ({9:-0.16} 4.
O-O 4... Nf6 5. d3 O-O 6. Nc3 d6 7. Bg5 Bg4 8. Qe2 $10) 4... Qe7 5. O-O Bb6 6.
b4 a6 7. Ba3 ({9:-0.08} 7. Ba3 7... d6 8. Qa4 Bd7 9. Qc2 O-O-O 10. d3 Nf6 11.
Nbd2 $10) ({9:+0.20} 7. Qa4 7... Nf6 8. b5 Nb8 9. d4 O-O 10. dxe5 Nxe4 11. Bf4
$10) 7... d6 8. Bd5 Bd7 9. d4 Nf6 10. dxe5 Nxe5 11. Bxb7 Ra7 12. Nxe5 ({9:-0.18
} 12. Nxe5 12... Qxe5 13. Bd5 O-O 14. Nd2 Nxd5 15. exd5 Qxc3 16. Nb3 Rb7 17.
Re1 $10) ({9:+0.13} 12. Bd5 12... Bb5 13. Nxe5 Qxe5 14. Re1 c6 15. Bb3 Nxe4 16.
Qc2 16... Re7 $10) 12... Qxe5 13. Bd5 Ng4 14. g3 Qh5 15. h4 g5 16. c4 gxh4 17.
Bb2 Rg8 18. Qf3 hxg3 19. Qxg3 Nf6 20. Qxg8+ Nxg8 21. c5 dxc5 22. bxc5 Bxc5 23.
Nc3 Qg4+ 24. Kh1 c6 25. Rac1 Qf3+ 26. Kg1 cxd5 27. Nxd5 Bh3 28. Rxc5 Qg2# 0-1

[Event "ICS rated blitz match"]
[Site "207.99.5.190"]
[Date "1999.03.06"]
[Round "?"]
[White "Hossa"]
[Black "Speedy"]
[Result "1-0"]
[WhiteElo "2385"]
[BlackElo "2334"]
[PlyCount "25"]

1. e4 c5 2. Bc4 a6 3. Nc3 b5 4. Bxf7+ Kxf7 5. Qh5+ g6 6. Qd5+ e6 7. Qxa8 Nc6 8.
Nf3 Qc7 9. d3 h6 10. Bf4 d6 11. e5 d5 12. Nxd5 Qa5+ 13. Bd2 {Speedy resigns}
1-0

[Event "ICS rated blitz match"]
[Site "207.99.5.190"]
[Date "1999.03.06"]
[Round "?"]
[White "Hossa"]
[Black "Speedy"]
[Result "0-1"]
[WhiteElo "2399"]
[BlackElo "2320"]
[Annotator "Crafty v16.5"]
[PlyCount "92"]

{annotating for player Hossa using a scoring margin of +0.10 pawns. search
time limit is 20.00} 1. e4 1... c5 2. Bc4 a6 3. Nc3 b5 4. Bxf7+ Kxf7 5. Qh5+ g6
6. Qd5+ Kg7 7. Qxa8 Nc6 8. Nd1 ({10:+1.46} 8. Nd1 8... Qc7 9. Ne3 Nf6 10. Nd5
Nxd5 11. exd5 Bb7 12. d6 exd6 13. Qe8 $16) ({10:+2.62} 8. Nf3 8... Nb4 9. O-O
Nxc2 10. Rb1 d6 11. e5 Nh6 12. exd6 exd6 13. Qd5 $18) 8... Qc7 9. b3 ({9:-3.25
} 9. b3 9... Bb7 10. Bb2+ e5 11. Qxb7 Qxb7 12. f4 Nf6 13. Ne2 Be7 14. Bxe5 Nxe5
15. fxe5 15... Nxe4 $19) ({9:+1.31} 9. Ne3 9... Nf6 10. Nd5 Nxd5 11. exd5 Bb7
12. d6 exd6 13. Qe8 13... Be7 $16) 9... Nf6 10. d4 ({9:-3.41} 10. d4 10... Bb7
11. Bf4 d6 12. Qxb7 Qxb7 13. dxc5 Nxe4 14. cxd6 14... exd6 $19) ({9:-1.97} 10.
e5 10... Nd5 11. Bb2 Nb6 12. e6+ Kg8 13. exd7 Qxd7 14. Qxc8 Qxc8 15. Bxh8 15...
Kxh8 $19) 10... cxd4 11. Bg5 ({9:-4.42} 11. Bg5 11... Bb7 12. Bxf6+ exf6 13.
Qxb7 Qxb7 14. a3 Ne5 15. f3 Qc6 16. Ra2 $19) ({9:-2.07} 11. Bf4 11... e5 12.
Bxe5 Nxe5 13. Ne2 d3 14. cxd3 Nxd3+ 15. Kf1 15... Bc5 $19) 11... Bb7 12. Bxf6+
exf6 13. Qxb7 Qxb7 14. a3 Ne5 15. f3 d5 16. f4 Ng4 17. Ne2 dxe4 18. Nxd4 Qd5
19. c3 Bc5 20. h3 Bxd4 21. hxg4 Bb6 22. g5 fxg5 23. c4 bxc4 24. b4 gxf4 25. Ra2
e3 26. a4 Rd8 27. Nc3 Qd3 28. a5 Qxc3+ 29. Ke2 Rd2+ 30. Rxd2 Qxd2+ 31. Kf3 Qf2+
32. Ke4 Qxg2+ 33. Kxf4 Bc7+ 34. Kxe3 Qxh1 35. Kd4 Qh4+ 36. Ke3 Qf4+ 37. Ke2 Qd4
38. b5 Qd3+ 39. Kf2 axb5 40. a6 Bb6+ 41. Kg2 c3 42. a7 Bxa7 43. Kh2 c2 44. Kg2
c1=Q 45. Kh2 Qcc2+ 46. Kh1 Qdd1# 0-1

[Event "ICS rated blitz match"]
[Site "207.99.5.190"]
[Date "1999.03.06"]
[Round "?"]
[White "PostModernist"]
[Black "Hossa"]
[Result "1/2-1/2"]
[WhiteElo "2490"]
[BlackElo "2379"]
[PlyCount "222"]

1. e4 e5 2. Nf3 Nc6 3. Bb5 a6 4. Ba4 b5 5. Bb3 Be7 6. d4 exd4 7. Nxd4 Nf6 8.
Nxc6 dxc6 9. Qxd8+ Bxd8 10. f3 O-O 11. Be3 Be7 12. Nd2 c5 13. e5 c4 14. Bxc4
bxc4 15. exf6 Bxf6 16. O-O-O c3 17. bxc3 Be7 18. Bf4 Ba3+ 19. Kb1 Rb8+ 20. Nb3
Rb7 21. Rd4 Bc5 22. Ra4 Rd8 23. Kc1 Be7 24. Na5 Rb5 25. Nc6 Re8 26. Nxe7+ Rxe7
27. Rd1 Re8 28. Bxc7 Rc5 29. Ba5 Rce5 30. Rd8 Rxd8 31. Bxd8 Re2 32. Re4 Rxe4
33. fxe4 Bb7 34. e5 Bxg2 35. c4 Be4 36. h4 Kf8 37. c3 h6 38. Kd2 Ke8 39. Bc7 g5
40. hxg5 hxg5 41. Bb6 Kd7 42. Ke3 Bb1 43. a4 Ke6 44. Bc7 Kd7 45. Bb6 Ke6 46.
Bd8 Kxe5 47. Bxg5 Bc2 48. Bf4+ Kf5 49. a5 Bb3 50. c5 Bd5 51. Bb8 Bc6 52. c4 Bg2
53. Bd6 Be4 54. Bc7 Bb7 55. Bg3 Bh1 56. Kd3 Bf3 57. Ke3 Ba8 58. Be1 Bc6 59. Bc3
Be4 60. Bg7 Bg2 61. Kf2 Bc6 62. Ke3 Be4 63. Bf8 Bh1 64. Bd6 Ba8 65. Kd4 Bf3 66.
Bc7 Bc6 67. Bd6 Be4 68. Be5 Bb7 69. Bd6 Bc6 70. Ke3 Be8 71. Bg3 Ba4 72. Be1 Bd1
73. c6 Ba4 74. c7 Bd7 75. Bg3 Bc8 76. Kd4 Kg4 77. Be5 f5 78. Ke3 Be6 79. c5 Kg5
80. c6 Kg4 81. Bf4 Bc8 82. Bd6 Be6 83. Bf4 Bc8 84. Bh2 Be6 85. Bd6 Bc8 86. Bf4
Be6 87. Bd6 Bc8 88. Bh2 Be6 89. Kd4 Bc8 90. Ke5 Kg5 91. Kd6 Kf6 92. Bf4 Kf7 93.
Ke5 Kg6 94. Be3 Kg7 95. Bc5 Kg6 96. Be7 Kg7 97. Ba3 Kf7 98. Bc5 Kg6 99. Be7 Kg7
100. Bg5 Kg6 101. Bd8 Kh5 102. Kf4 Be6 103. Be7 Bc8 104. Bf6 Kg6 105. Bd4 Kf7
106. Ke5 Be6 107. Be3 Bc8 108. Bg5 Kg6 109. Bd8 Kh5 110. Kf4 Be6 111. Be7
111... Bc8 {Game drawn by mutual agreement} 1/2-1/2

[Event "ICS rated blitz match"]
[Site "207.99.5.190"]
[Date "1999.03.06"]
[Round "?"]
[White "Hossa"]
[Black "Speedy"]
[Result "1-0"]
[WhiteElo "2384"]
[BlackElo "2338"]
[PlyCount "21"]

1. e4 c5 2. Bc4 a6 3. Nc3 b5 4. Bxf7+ Kxf7 5. Qh5+ g6 6. Qd5+ Kg7 7. Qxa8 Nc6
8. Nf3 Qc7 9. Nd5 Qd8 10. O-O e6 11. Nb6 {Speedy resigns} 1-0

[Event "ICS rated blitz match"]
[Site "207.99.5.190"]
[Date "1999.03.06"]
[Round "?"]
[White "Hossa"]
[Black "Speedy"]
[Result "1-0"]
[WhiteElo "2398"]
[BlackElo "2324"]
[PlyCount "63"]

1. e4 c5 2. Bc4 a6 3. Nc3 b5 4. Bxf7+ Kxf7 5. Qh5+ g6 6. Qd5+ Kg7 7. Qxa8 Nc6
8. Nf3 e6 9. O-O Qc7 10. d3 Bb7 11. Nxb5 axb5 12. Qa3 b4 13. Qa4 Bd6 14. Qb5
Nge7 15. Be3 Na7 16. Qc4 Rf8 17. e5 Bxe5 18. Nxe5 Qxe5 19. Bxc5 Nac6 20. Bxe7
Nxe7 21. Qxb4 Qd5 22. f3 Nf5 23. Rf2 Rf7 24. a3 h5 25. Re1 Bc6 26. Qf4 Qa2 27.
c3 Qd5 28. d4 Nd6 29. Qg3 Nc4 30. Ree2 Qf5 31. Qb8 Qc2 32. Rxc2 {Speedy resigns
} 1-0

[Event "ICS rated blitz match"]
[Site "207.99.5.190"]
[Date "1999.03.06"]
[Round "?"]
[White "Hossa"]
[Black "Speedy"]
[Result "0-1"]
[WhiteElo "2411"]
[BlackElo "2311"]
[Annotator "Crafty v16.5"]
[PlyCount "104"]

{annotating for player Hossa using a scoring margin of +0.10 pawns. search
time limit is 20.00} 1. e4 1... c5 2. Bc4 a6 3. Nc3 b5 4. Bxf7+ Kxf7 5. Qh5+ g6
6. Qd5+ e6 7. Qxa8 Nc6 8. Nf3 Qc7 9. d3 Be7 10. Ng5+ ({8:-0.02} 10. Ng5+ 10...
Bxg5 11. Nxb5 axb5 12. Bxg5 Bb7 13. Qa3 b4 14. Qb3 $10) ({8:+0.56} 10. Bf4
10... d6 11. O-O Bb7 12. Ng5+ Bxg5 13. Bxd6 Qxd6 14. Qxb7+ 14... Nce7 $14)
10... Bxg5 11. Nxb5 axb5 12. Bxg5 Bb7 13. Qa3 b4 14. Qa4 Nd4 15. Rc1 ({10:-0.67
} 15. Rc1 15... Bc6 16. Qa6 Ne7 17. a4 Bb7 18. Qc4 d5 19. Qa2 19... dxe4 $15) (
{10:+0.51} 15. c3 15... Bc6 16. Qd1 bxc3 17. bxc3 Nb5 18. c4 Nd4 19. O-O Nf6
20. Bxf6 20... Kxf6 $14) 15... d5 16. Qa7 Ne7 17. Bxe7 Kxe7 18. c3 Ra8 19. Qxa8
Bxa8 20. cxd4 c4 21. dxc4 dxc4 22. f3 e5 23. dxe5 Qc5 24. Ke2 Bc6 25. Rc2 Bb5
26. h4 c3+ 27. Kd1 Bd3 28. bxc3 Bxc2+ 29. Kxc2 Qxc3+ 30. Kb1 Qd2 31. h5 Qxg2
32. Re1 gxh5 33. f4 Qf2 34. Rc1 Qxf4 35. Re1 h4 36. e6 Kxe6 37. Rd1 Qxe4+ 38.
Ka1 h3 39. Rc1 h2 40. Kb2 h1=Q 41. Rxh1 Qxh1 42. Kb3 Qb1+ 43. Kc4 Qxa2+ 44.
Kxb4 h5 45. Kc3 h4 46. Kd4 h3 47. Kc3 Qa4 48. Kd3 h2 49. Ke3 h1=Q 50. Kd3 Qh3+
51. Ke2 Qa2+ 52. Kd1 Qh1# 0-1

[Event "ICS rated blitz match"]
[Site "207.99.5.190"]
[Date "1999.03.06"]
[Round "?"]
[White "Hossa"]
[Black "Speedy"]
[Result "1-0"]
[WhiteElo "2391"]
[BlackElo "2331"]
[PlyCount "31"]

1. e4 c5 2. Bc4 a6 3. Nc3 b5 4. Bxf7+ Kxf7 5. Qh5+ g6 6. Qd5+ Kg7 7. Qxa8 Nc6
8. Nd1 Qc7 9. Ne3 e6 10. b3 Bb7 11. Bb2+ Nd4 12. Qa7 Nf6 13. Bxd4 cxd4 14. Qxd4
Bc5 15. Qc3 Bxe4 16. b4 {Speedy resigns} 1-0

[Event "ICS rated blitz match"]
[Site "207.99.5.190"]
[Date "1999.03.06"]
[Round "?"]
[White "Hossa"]
[Black "Speedy"]
[Result "1-0"]
[WhiteElo "2404"]
[BlackElo "2318"]
[PlyCount "38"]

1. e4 c5 2. Bc4 a6 3. Nc3 b5 4. Bxf7+ Kxf7 5. Qh5+ g6 6. Qd5+ Kg7 7. Qxa8 Nc6
8. Nd1 Qc7 9. Ne3 e6 10. b3 Be7 11. Bb2+ Bf6 12. Rb1 Bxb2 13. Rxb2 Kf7 14. Nf3
Bb7 15. Ne5+ Nxe5 16. Qa7 d6 17. Nc4 Ne7 18. Qxb7 Qxb7 19. Nxd6+ 19... Kf6 {
Speedy resigns} 1-0

[Event "ICS rated blitz match"]
[Site "207.99.5.190"]
[Date "1999.03.06"]
[Round "?"]
[White "ComputoJon"]
[Black "Hossa"]
[Result "0-1"]
[WhiteElo "2207"]
[BlackElo "2416"]
[PlyCount "72"]

1. e4 c5 2. c3 e5 3. Nf3 Qe7 4. Bc4 Nc6 5. O-O d6 6. h3 Bd7 7. d4 cxd4 8. cxd4
Rc8 9. Bb3 Nf6 10. Nc3 Na5 11. Nd5 Nxd5 12. Bxd5 Bb5 13. Re1 Qf6 14. b4 Nc4 15.
a4 Bd7 16. Qb3 Be6 17. Bg5 Qg6 18. Rac1 Nb6 19. Rxc8+ Bxc8 20. Rc1 Bxh3 21.
gxh3 f6 22. Bxb7 fxg5 23. a5 g4 24. Nh4 Qg5 25. Rc7 gxh3+ 26. Kf1 h2 27. Qf7+
Kd8 28. axb6 h1=Q+ 29. Ke2 Qg4+ 30. Nf3 axb6 31. Rc8+ Qxc8 32. Bxc8 Kxc8 33.
Qe8+ Kc7 34. d5 Qc1 35. Qf7+ Kd8 36. Nxe5 36... dxe5 {ComputoJon resigns} 0-1

[Event "ICS rated blitz match"]
[Site "207.99.5.190"]
[Date "1999.03.06"]
[Round "?"]
[White "Hossa"]
[Black "TDChess"]
[Result "0-1"]
[WhiteElo "2423"]
[BlackElo "2547"]
[Annotator "Crafty v16.5"]
[PlyCount "162"]

{annotating for player Hossa using a scoring margin of +0.10 pawns. search
time limit is 20.00} 1. e4 1... d5 2. exd5 Qxd5 3. Nc3 Qe6+ 4. Be2 Qg6 5. Bf3
Nc6 6. Nb5 Kd8 7. d3 Ne5 8. Be4 f5 9. Bf4 ({9:-2.77} 9. Bf4 9... fxe4 10. Bxe5
Qxg2 11. dxe4+ Bd7 12. Bxc7+ Kc8 13. Qf3 Qxf3 14. Nxf3 14... Bxb5 $19) ({
9:-0.29} 9. Bf3 9... Bd7 10. Nd4 Qb6 11. Nb3 Nf6 12. Be3 Qb4+ 13. c3 13... Qb5
$10) 9... fxe4 10. Nxc7 ({9:-3.40} 10. Nxc7 10... Qxg2 11. Bxe5 Qxh1 12. dxe4+
Bd7 13. Kf1 Kc8 14. Qf3 Qxf3 15. Nxf3 15... Rb8 $19) ({9:-1.38} 10. Bxe5 10...
Bd7 11. Nxc7 Qxg2 12. Nxa8 Qxh1 13. Kd2 exd3 14. Bc7+ Kc8 15. cxd3 $17) 10...
Kxc7 11. Bxe5+ Kc6 12. Bg3 ({8:-2.78} 12. Bg3 12... Bg4 13. f3 exf3 14. Nxf3
Qe6+ 15. Ne5+ Qxe5+ 16. Bxe5 Bxd1 17. Rxd1 17... Nf6 $19) ({8:-2.63} 12. c4
12... b6 13. Ne2 Nf6 14. Nf4 Qf5 15. Qa4+ Kb7 16. d4 $19) 12... e5 13. Rc1 ({
7:-2.90} 13. Rc1 13... Nf6 14. Ne2 Bb4+ 15. c3 Bc5 16. dxe4 Qxe4 17. O-O $19) (
{7:-2.64} 13. Ne2 13... Bb4+ 14. c3 exd3 15. cxb4 Qe4 16. Rc1+ Kb6 17. f3 dxe2
18. fxe4 exd1=Q+ 19. Rxd1 $19) 13... Be6 14. Ne2 Nf6 15. O-O ({8:-2.79} 15. O-O
15... Qf5 16. Qd2 Bc5 17. Qc3 Nd7 18. b4 exd3 19. cxd3 $19) ({8:-2.48} 15. d4
15... Nh5 16. dxe5 Nxg3 17. fxg3 Kc7 18. Nf4 Qf5 19. Nd5+ Bxd5 20. Qxd5 $19)
15... Bd6 16. d4 Qh5 17. c4 Bd7 18. d5+ Kc7 19. c5 Bf8 20. Nc3 Qf5 21. Qd4 Ng4
22. d6+ Kb8 23. Qxe4 Qxe4 24. Nxe4 h5 25. f3 h4 26. fxg4 hxg3 27. h3 g6 28.
Rce1 Bb5 29. Rf6 Be8 30. Re6 Bf7 31. Rxe5 Bg7 32. Re7 Bd4+ 33. Kh1 Bd5 34. Rd1
Bxe4 35. Rxd4 Bc6 36. Kg1 Rf8 37. Rd2 Bb5 38. Rd1 a5 39. Rg7 Ka7 40. a4 Bc6 41.
Rd3 Rae8 42. Rxg3 Re1+ 43. Kh2 Rff1 44. Rb3 Rg1 45. Kg3 Rxg2+ 46. Kh4 Re5 47.
Rd3 Rxb2 48. d7 Bxd7 49. Rdxd7 Rxc5 50. Rxg6 Rc4 51. Kg5 Rxa4 52. Rc7 Rd4 53.
Rgg7 a4 54. Rc6 a3 55. Rc3 Ra4 56. Rc1 a2 57. Ra1 Rb1 58. Rxa2 Rxa2 59. Kf6
Ra6+ 60. Ke7 Rh1 61. Rh7 Ra3 62. Kf6 Rhxh3 63. Rd7 Rhf3+ 64. Kg6 Ra6+ 65. Kh7
Rg3 66. Rd4 b5 67. Rd5 b4 68. g5 b3 69. Rb5 Rb6 70. Ra5+ Kb7 71. Kg7 b2 72. Re5
Rxg5+ 73. Rxg5 b1=Q 74. Kg8 Rg6+ 75. Rxg6 Qxg6+ 76. Kh8 Qg5 77. Kh7 Kc8 78. Kh8
Kd8 79. Kh7 Ke8 80. Kh8 Kf8 81. Kh7 Qh5# 0-1

[Event "ICS rated blitz match"]
[Site "207.99.5.190"]
[Date "1999.03.06"]
[Round "?"]
[White "ComputoJon"]
[Black "Hossa"]
[Result "0-1"]
[WhiteElo "2190"]
[BlackElo "2420"]
[PlyCount "56"]

1. e4 c5 2. c3 e5 3. Nf3 Qe7 4. Bc4 Nc6 5. O-O d6 6. d4 Bd7 7. Re1 cxd4 8. cxd4
Rc8 9. Bb3 Bg4 10. Be3 exd4 11. Bxd4 Bxf3 12. gxf3 Nxd4 13. Qxd4 Qg5+ 14. Kh1
a6 15. Nc3 Qf4 16. Re3 Qh4 17. Qd5 Rc7 18. e5 Kd7 19. e6+ Kc8 20. Ne4 Nf6 21.
Nxd6+ Kb8 22. Qe5 Bxd6 23. Qxd6 fxe6 24. Bxe6 Ne8 25. Qe5 Qxf2 26. Rc1 Ka8 27.
Rec3 Qxb2 28. Rxc7 28... Qxe5 {ComputoJon resigns} 0-1

[Event "ICS rated blitz match"]
[Site "207.99.5.190"]
[Date "1999.03.06"]
[Round "?"]
[White "Hossa"]
[Black "wolfschanze"]
[Result "0-1"]
[WhiteElo "2427"]
[BlackElo "2546"]
[Annotator "Crafty v16.5"]
[PlyCount "100"]

{annotating for player Hossa using a scoring margin of +0.10 pawns. search
time limit is 20.00} 1. e4 1... e5 2. Nf3 Nc6 3. Bb5 a6 4. Ba4 ({9:-0.10} 4.
Ba4 4... Bc5 5. Bxc6 dxc6 6. Nc3 Bg4 7. Na4 Bb4 8. O-O Bxf3 9. Qxf3 Bxd2 10.
Bxd2 10... Qxd2 $10) ({9:+0.14} 4. Bxc6 4... dxc6 5. Nc3 Bg4 6. h3 Bxf3 7. Qxf3
Nh6 8. d3 Qf6 9. Qxf6 9... gxf6 $10) 4... Nf6 5. O-O Be7 6. Bxc6 dxc6 7. Nxe5
Nxe4 8. Re1 Qd4 9. Qf3 Qxe5 10. Rxe4 Qf6 11. Qxf6 gxf6 12. Nc3 ({10:-0.15} 12.
Nc3 12... Bf5 13. Re2 Bxc2 14. d4 Bd3 15. Re1 Kd7 16. Bf4 16... Rhe8 $10) ({
10:+0.49} 12. d3 12... Bf5 13. Re2 Bg4 14. f3 Be6 15. Nc3 O-O-O 16. Bf4 Bc5+
17. Be3 $14) 12... Bf5 13. Re2 Bxc2 14. b3 Bf5 15. Ba3 Be6 16. Bxe7 Kxe7 17. d4
Rad8 18. Rd1 f5 19. f3 Rd7 20. Na4 Rhd8 21. Nc5 Rxd4 22. Rxd4 Rxd4 23. Nxb7 f4
24. Kf2 Rd5 25. a4 a5 26. Rc2 Bc8 27. Nc5 h6 28. Ne4 f5 29. Nd2 Ba6 30. h4 c5
31. Kg1 Rd3 32. Kh2 Kd6 33. Kg1 Kd5 34. Kf2 Re3 35. Nc4 Rxb3 36. Nxa5 Ra3 37.
Rd2+ Bd3 38. Nb7 c4 39. a5 Ra1 40. g4 Kd4 41. Nd8 fxg4 42. fxg4 Rf1+ 43. Kg2
Ke3 44. Ra2 f3+ 45. Kh2 f2 46. g5 Rg1 47. Rxf2 Kxf2 48. gxh6 Rg2+ 49. Kh1 Rg4
50. h5 Rh4# 0-1

[Event "ICS rated blitz match"]
[Site "207.99.5.190"]
[Date "1999.03.06"]
[Round "?"]
[White "ComputoJon"]
[Black "Hossa"]
[Result "1-0"]
[WhiteElo "2200"]
[BlackElo "2416"]
[Annotator "Crafty v16.5"]
[PlyCount "55"]

{annotating for player Hossa using a scoring margin of +0.10 pawns. search
time limit is 20.00} 1. e4 1... e5 2. Nf3 Nc6 3. d4 exd4 4. Nxd4 Qh4 ({8:-0.15
} 4... Qh4 5. Nc3 Bb4 6. Be2 Ba5 7. Ndb5 a6 8. g3 $10) ({8:-0.02} 4... Bc5 5.
Nxc6 Qf6 6. Qe2 Qxc6 7. Nc3 Nf6 8. Bf4 $10) 5. Nb5 Qxe4+ ({7:-0.04} 5... Qxe4+
6. Be2 Bb4+ 7. N1c3 Bxc3+ 8. bxc3 Kf8 9. O-O Qe5 10. f4 Qc5+ 11. Rf2 $10) ({
7:+0.08} 5... Bb4+ 6. N1c3 Ba5 7. Qf3 a6 8. Bc4 Nf6 9. g3 $10) 6. Be2 Bb4+ 7.
Bd2 Qe5 8. O-O Nge7 ({9:-1.15} 8... Nge7 9. f4 Qc5+ 10. Kh1 Qb6 11. Be3 Qa5 12.
c3 Bd6 13. Nxd6+ cxd6 14. Qxd6 $16) ({9:+0.26} 8... Nf6 9. f4 Qc5+ 10. Kh1 Qb6
11. Be3 Qa5 12. c3 Be7 13. Nd2 $10) 9. Kh1 O-O 10. f4 Qxb2 11. N1c3 a6 12. Rb1
Qxb1 13. Qxb1 axb5 14. Bxb5 Bxc3 ({9:+0.31} 14... Bxc3 15. Bxc3 Nd5 16. Bd2 Nd4
17. Re1 d6 18. Bc4 Nb6 19. Bd3 $15) ({9:+0.55} 14... d5 15. Be1 Rd8 16. Bxc6
Nxc6 17. Nxd5 Rxd5 18. Bxb4 Nxb4 19. Qxb4 19... Rxa2 $15) 15. Bxc3 Nd5 16. Ba1
Re8 17. Qb2 Nf6 18. Bc4 Ra7 19. g4 Re4 20. g5 Rxc4 21. gxf6 g6 22. f5 g5 23.
Qc1 h6 24. Qe3 Ne5 25. Qxe5 Ra6 26. Qe8+ Kh7 27. Qxf7+ Kh8 28. Qg7# 1-0

[Event "ICS rated blitz match"]
[Site "207.99.5.190"]
[Date "1999.03.07"]
[Round "?"]
[White "ComputoJon"]
[Black "Hossa"]
[Result "1-0"]
[WhiteElo "2216"]
[BlackElo "2400"]
[Annotator "Crafty v16.5"]
[PlyCount "72"]

{annotating for player Hossa using a scoring margin of +0.10 pawns. search
time limit is 20.00} 1. e4 1... c5 2. c3 e5 3. Nf3 Qe7 4. Bc4 Nc6 5. O-O d6 6.
d4 Bd7 ({8:-1.09} 6... Bd7 7. d5 Na5 8. Be2 Rc8 9. Bg5 Nf6 10. Nbd2 $16) ({
8:-0.70} 6... exd4 7. cxd4 Bd7 8. Nc3 O-O-O 9. Ng5 Nh6 10. Nd5 10... Qe8 $14)
7. Re1 cxd4 ({8:-0.70} 7... cxd4 8. cxd4 Nf6 9. Nc3 Bg4 10. dxe5 Nxe5 11. Be2
O-O-O 12. Bf4 $14) ({8:-0.38} 7... O-O-O 8. Be3 exd4 9. cxd4 Bg4 10. dxc5 dxc5
11. Bd5 Nf6 12. Nc3 $14) 8. cxd4 Rc8 9. Bb3 Bg4 ({8:-0.81} 9... Bg4 10. dxe5
dxe5 11. Nc3 Nf6 12. Bg5 Qd8 13. Qxd8+ Rxd8 14. Bxf6 gxf6 15. Re3 $16) ({
8:-0.64} 9... Nf6 10. Ng5 Nxd4 11. Bxf7+ Kd8 12. Bb3 Bg4 13. f3 Nxb3 14. axb3
$14) 10. Be3 exd4 11. Bxd4 Bxf3 12. gxf3 Nxd4 13. Qxd4 Qg5+ 14. Kh1 a6 ({
9:-1.74} 14... a6 15. e5 Rc1 16. Bd1 Kd8 17. exd6 Qc5 18. Qxc5 Rxc5 19. b4 $18)
({9:-0.37} 14... Qc5 15. Qxc5 Rxc5 16. Nc3 Nf6 17. Rad1 Ke7 18. Kg1 Rg5+ 19.
Kf1 19... Rc5 $14) 15. Nc3 Qf4 ({9:-1.66} 15... Qf4 16. Re3 Rc5 17. Qa4+ Kd8
18. Bd5 Rc7 19. Qb4 Kc8 20. Rc1 $18) ({9:-0.70} 15... Qc5 16. Qa4+ Qc6 17. Qb4
Qd7 18. Rad1 Nh6 19. Bd5 Rc7 20. Kg1 $14) 16. Re3 Qh4 17. Qd5 Rc7 18. e5 Kd7
19. Qxf7+ Qe7 20. Qf5+ Kd8 21. exd6 Qxd6 22. Rd1 Nf6 23. Re6 Qxd1+ 24. Bxd1 Re7
25. Nd5 Rxe6 26. Qxe6 Nxd5 27. Qxd5+ Kc8 28. Qe6+ Kb8 29. Qe8+ Ka7 30. Bc2 h5
31. Be4 Kb6 32. Qc8 Ka5 33. Qxb7 Bd6 34. Qd5+ Kb6 35. Qxd6+ Kb5 36. a3 g5 1-0

[Event "ICS rated blitz match"]
[Site "207.99.5.190"]
[Date "1999.03.07"]
[Round "?"]
[White "Hossa"]
[Black "PostModernist"]
[Result "0-1"]
[WhiteElo "2376"]
[BlackElo "2497"]
[Annotator "Crafty v16.5"]
[PlyCount "133"]

{annotating for player Hossa using a scoring margin of +0.10 pawns. search
time limit is 20.00} 1. e4 1... c5 2. Bc4 e6 3. Nc3 a6 4. d3 Nc6 5. Nf3 Na5 6.
O-O d6 7. Bb3 ({9:+0.21} 7. Bb3 7... e5 8. Nd2 Nh6 9. f4 Bg4 10. Qe1 f6 11.
fxe5 11... fxe5 $10) ({9:+0.46} 7. e5 7... dxe5 8. Nxe5 Nf6 9. Bf4 Be7 10. Qe2
Nxc4 11. Nxc4 O-O 12. Rae1 $14) 7... Be7 8. e5 dxe5 9. Nxe5 Nxb3 10. axb3 Nf6
11. Bg5 O-O 12. Re1 Qd6 13. Bxf6 ({8:+0.02} 13. Bxf6 13... Bxf6 14. Qe2 Rd8 15.
Qh5 Rf8 16. Nb5 Qd5 17. f4 $10) ({8:+0.23} 13. Qf3 13... Qc7 14. Re2 Nd7 15.
Bf4 Nxe5 16. Bxe5 Bd6 17. Qe4 $10) 13... Bxf6 14. Qh5 g6 15. Qe2 Qxe5 16. Qxe5
Bxe5 17. Rxe5 b6 18. f3 Bd7 19. Kf2 h5 20. Re4 f5 21. Re5 h4 22. g3 h3 23. Ne2
g5 24. d4 cxd4 25. Nxd4 Kf7 26. b4 b5 27. Ke3 Kf6 28. f4 Rg8 29. Rb1 gxf4+ 30.
gxf4 Rg2 31. Rd1 Re8 32. Rh1 Rc8 33. Rc5 Rd8 34. Nf3 Be8 35. Rc3 Rd6 36. Nd4
Bg6 37. Rc5 Bh5 38. b3 Rg8 39. Re5 Rc8 40. Re1 Bf7 41. Rc5 Rcd8 42. c3 Rg8 43.
Re2 Rg1 44. Nf3 Rgd1 45. Re1 R6d3+ 46. Ke2 Rxe1+ 47. Nxe1 Rg3 48. Kf2 Rg4 49.
Ke3 Bh5 50. Rc6 Rg3+ 51. Kd4 Rg2 52. Rxa6 Rxh2 53. Kc5 Rd2 54. Ra1 h2 55. Nd3
Rxd3 56. Rh1 Rxc3+ 57. Kxb5 Rh3 58. Ka5 Bf3 59. Rf1 Bg2 60. Rd1 Rf3 61. b5 Bf1
62. b6 h1=Q 63. Rd4 Qg1 64. b7 Rxb3 65. b8=Q Rxb8 66. Rd6 Qc5+ 67. Ka4 0-1

[Event "ICS rated blitz match"]
[Site "207.99.5.190"]
[Date "1999.03.07"]
[Round "?"]
[White "ComputoJon"]
[Black "Hossa"]
[Result "1/2-1/2"]
[WhiteElo "2242"]
[BlackElo "2365"]
[PlyCount "52"]

1. e4 c5 2. c3 e5 3. Nf3 Qe7 4. Bc4 Nc6 5. O-O d6 6. d4 Bd7 7. Re1 cxd4 8. cxd4
Rc8 9. Bb3 Bg4 10. Be3 exd4 11. Bxd4 Bxf3 12. gxf3 Nxd4 13. Qxd4 Qg5+ 14. Kh1
Qc5 15. Qd2 Qh5 16. Re3 Qh3 17. Nc3 Nf6 18. e5 dxe5 19. Rxe5+ Be7 20. Qe3 Rc7
21. Re1 O-O 22. Rxe7 Rxe7 23. Qxe7 Qxf3+ 24. Kg1 Qg4+ 25. Kh1 Qf3+ 26. Kg1
26... Qg4+ {Game drawn by mutual agreement} 1/2-1/2